[Event "Denizli op"]
[Site "Denizli"]
[Date "2025.07.11"]
[Round "7"]
[White "Ilgaz, Yusuf Kerem"]
[Black "Demirbas, Emre"]
[Result "1/2-1/2"]
[WhiteElo "2101"]
[BlackElo "2161"]
[PlyCount "40"]
[EventDate "2025.07.07"]
[EventType "swiss"]
[EventRounds "9"]
[EventCountry "TUR"]
[SourceTitle "CB29_2025"]
[SourceDate "2025.07.16"]
[SourceVersion "1"]
[SourceVersionDate "2025.07.16"]
[SourceQuality "1"]

1. d4 d5 2. c4 c6 3. Nf3 Nf6 4. Nc3 e6 5. Bg5 dxc4 6. e4 b5 7. e5 h6 8. Bh4 g5 9. Nxg5 hxg5 10. Bxg5 Be7 11. exf6 Bxf6 12. Bxf6 Qxf6 13. g3 Na6 14. Bg2 Bb7 15. Nxb5 0-0-0 16. Qa4 cxb5 17. Bxb7+ Kxb7 18. Qxb5+ Ka8 19. Qc6+ Kb8 20. Qb5+ Ka8 1/2-1/2

[Event "Cesme op-A 11th"]
[Site "Izmir"]
[Date "2025.06.27"]
[Round "7"]
[White "Korkmaz, Necmettin"]
[Black "Demirbas, Emre"]
[Result "0-1"]
[WhiteElo "2059"]
[BlackElo "2161"]
[PlyCount "88"]
[EventDate "2025.06.23"]
[EventType "swiss"]
[EventRounds "9"]
[EventCountry "TUR"]
[SourceTitle "CB27_2025"]
[SourceDate "2025.07.02"]
[SourceVersion "1"]
[SourceVersionDate "2025.07.02"]
[SourceQuality "1"]

1. e4 e6 2. d4 d5 3. e5 c5 4. c3 Nc6 5. Nf3 Qb6 6. a3 c4 7. g3 Na5 8. Nbd2 Bd7 9. h4 Ne7 10. Bh3 Qc7 11. 0-0 Nc8 12. Re1 Nb6 13. Qe2 h6 14. Rb1 Ba4 15. Nf1 0-0-0 16. N3h2 g5 17. hxg5 hxg5 18. Bg2 Be7 19. Ng4 Rdg8 20. Nfe3 Rg6 21. Bf3 Nd7 22. Bd2 Qd8 23. b4 Nb3 24. Nxd5 exd5 25. Bxd5 Nb6 26. Bxf7 Rg7 27. Be6+ Kb8 28. Be3 Nd5 29. Qxc4 Nxe3 30. Rxe3 Nd2 31. Qd3 Nxb1 32. Qxb1 Bc6 33. f3 Qe8 34. d5 Qh5 35. Kf2 Bb5 36. Qe4 Rgh7 37. Re1 Bd8 38. c4 Bxc4 39. Qxc4 Bb6+ 40. Ke2 Rc7 41. Qe4 Qh3 42. d6 Qg2+ 43. Kd1 Rc3 44. Bc4 Qb2 0-1

[Event "Cesme op-A 11th"]
[Site "Izmir"]
[Date "2025.06.26"]
[Round "6"]
[White "Demirbas, Emre"]
[Black "Gunduz, Umut Erdem"]
[Result "0-1"]
[WhiteElo "2161"]
[BlackElo "2268"]
[PlyCount "52"]
[EventDate "2025.06.23"]
[EventType "swiss"]
[EventRounds "9"]
[EventCountry "TUR"]
[SourceTitle "CB27_2025"]
[SourceDate "2025.07.02"]
[SourceVersion "1"]
[SourceVersionDate "2025.07.02"]
[SourceQuality "1"]

1. Nf3 d5 2. g3 Nd7 3. c4 dxc4 4. Na3 e5 5. Nxc4 e4 6. Nd4 Nc5 7. Nc2 Bg4 8. Bg2 Nd3+ 9. Kf1 Qf6 10. f3 0-0-0 11. N2e3 exf3 12. exf3 Be6 13. Qa4 Bc5 14. Rb1 Qd4 15. Qc2 Nf6 16. b3 Nb4 17. Qc3 Qxc3 18. dxc3 Nxa2 19. Ba3 Nxc3 20. Rc1 Bxa3 21. Nxa3 Rd3 22. Kf2 Rd2+ 23. Kf1 Nfd5 24. Nec4 Ra2 25. f4 b5 26. Nd6+ cxd6 0-1

[Event "Cesme op-A 10th"]
[Site "Cesme"]
[Date "2024.06.30"]
[Round "9"]
[White "Demirbas, Emre"]
[Black "Ozkan, Ervin"]
[Result "1-0"]
[WhiteElo "2012"]
[BlackElo "2147"]
[PlyCount "103"]
[EventDate "2024.06.23"]
[EventType "swiss"]
[EventRounds "9"]
[EventCountry "TUR"]
[SourceTitle "CBM 220 Extra"]
[Source "ChessBase"]
[SourceDate "2024.07.31"]
[SourceVersion "1"]
[SourceVersionDate "2024.07.31"]
[SourceQuality "1"]

1. Nf3 d5 2. c4 c6 3. g3 Nf6 4. Bg2 Bf5 5. b3 e6 6. Bb2 Nbd7 7. 0-0 h6 8. Nc3 Be7 9. d4 0-0 10. Nd2 Qb6 11. e4 dxe4 12. Ndxe4 Nxe4 13. Nxe4 Nf6 14. Nc5 Rfd8 15. Qc1 Nd7 16. Na4 Qa6 17. Rd1 Rac8 18. Qe3 b5 19. cxb5 cxb5 20. Nc3 Qb6 21. Qe2 Bb4 22. Rac1 Qa5 23. Nxb5 Qxa2 24. d5 Rxc1 25. Rxc1 Nf6 26. Nd4 Bd3 27. Qxd3 Qxb2 28. Rb1 Qc3 29. Qxc3 Bxc3 30. Nc6 Rd6 31. Rc1 Bb2 32. Rc2 Nxd5 33. Bxd5 exd5 34. Ne7+ Kh7 35. Rxb2 Rd7 36. Nc6 Rb7 37. b4 Kg6 38. Rd2 f6 39. Rxd5 Rb6 40. Ne7+ Kf7 41. Rd7 Ke6 42. Rxa7 Rxb4 43. Ng6 f5 44. Ra6+ Kf7 45. Ne5+ Kg8 46. Ra8+ Kh7 47. h4 Re4 48. Re8 Ra4 49. h5 f4 50. gxf4 Ra7 51. Ng6 Ra8 52. Nf8+ 1-0

[Event "Cesme op-A 10th"]
[Site "Cesme"]
[Date "2024.06.24"]
[Round "2"]
[White "Demirbas, Emre"]
[Black "Kamer, Kayra"]
[Result "0-1"]
[WhiteElo "2012"]
[BlackElo "2316"]
[PlyCount "106"]
[EventDate "2024.06.23"]
[EventType "swiss"]
[EventRounds "9"]
[EventCountry "TUR"]
[SourceTitle "CBM 220 Extra"]
[Source "ChessBase"]
[SourceDate "2024.07.31"]
[SourceVersion "1"]
[SourceVersionDate "2024.07.31"]
[SourceQuality "1"]

1. Nf3 g6 2. c4 Bg7 3. Nc3 Nf6 4. b3 Ne4 5. Bb2 Nxc3 6. Bxc3 Bxc3 7. dxc3 d6 8. g3 Nd7 9. Bg2 e5 10. 0-0 a5 11. Ne1 Qe7 12. Nd3 0-0 13. e4 Nf6 14. Qf3 Bd7 15. c5 dxc5 16. Nxc5 Bc6 17. Rfe1 Qxc5 18. Qxf6 Rad8 19. h4 Rd6 20. Qg5 Qxc3 21. Rac1 Qb2 22. h5 Re8 23. Rcd1 Qa3 24. Bf3 Rxd1 25. Rxd1 Qe7 26. Qd2 a4 27. bxa4 Bxa4 28. Rb1 Rd8 29. Qe3 Bc6 30. Kg2 Rd4 31. h6 Qd6 32. Rb3 Kf8 33. Ra3 Ba4 34. Rc3 c5 35. Qc1 b6 36. Rc4 Bc6 37. Qc2 Ke7 38. a4 Rd2 39. Qb3 Bd7 40. Rc2 Rd3 41. Qc4 Rd4 42. Qa6 Rxa4 43. Qb7 Kf6 44. Rb2 b5 45. Rxb5 Bxb5 46. Qxb5 Ra8 47. Be2 Kg5 48. Qb7 Rf8 49. Bc4 Kxh6 50. Bd5 Kg7 51. Kg1 h5 52. Kg2 Kh6 53. Qb3 f5 0-1